Diamantové vrstvy pre aplikácie v bioelektronike

Guardado en:
Detalles Bibliográficos
Autor principal: Behúl, Miroslav, 1989- (Autor)
Otros Autores: Vojs, Marian, 1979- (Orientador)
Formato: Manuscrito Libro
Lenguaje:eslovaco
Publicado: Bratislava : STU v Bratislave, 2014
Materias:
Etiquetas: Agregar Etiqueta
Sin Etiquetas, Sea el primero en etiquetar este registro!

MARC

LEADER 00000ntm a22000003a 4500
001 stu295194
005 20150617230243.1
008 140813s--------xo------------------slo-d
040 |a STU  |b slo 
041 0 |a slo 
044 |a xo 
100 1 |a Behúl, Miroslav,  |d 1989-  |4 aut  |u E030  |U FEI Fakulta elektrotechniky a informatiky  |T FEI Ústav elektroniky a fotoniky  |X 64202  |U E030  |Y 549  |7 A000064202 
245 1 |a Diamantové vrstvy pre aplikácie v bioelektronike 
260 |a Bratislava :  |b STU v Bratislave,  |c 2014 
300 |a 57 s 
650 7 |a diamantové vrstvy  |2 stusub 
700 1 |a Vojs, Marian,  |d 1979-  |4 ths  |u E030  |U FEI Fakulta elektrotechniky a informatiky  |T FEI Ústav elektroniky a fotoniky  |X 2979  |U E030  |Y 549  |7 A000002979 
996 |b 284EP11021  |c E*DIPL-11021  |l EE33  |s P  |a 0  |w stu295194_0001